000
00331 a2200157 4500
001
67903
020
_a
9781107467330
040
_c
Anchieta - Pituba
100
_a
Anderson, Vicki
240
1
0
_a
Eyes open 1
_l
por
245
1
0
_a
Eyes open 1
300
_a
103
362
0
_a
2015
650
4
_a
Inglês e inglês antigo
942
_c
BK
999
_c
67903
_d
67903